| 000 | 00536 a2200181 4500 | ||
|---|---|---|---|
| 001 | 066606 | ||
| 003 | OSt | ||
| 005 | 20211004151706.0 | ||
| 008 | |||
| 082 |
_a005.58 _bS32I |
||
| 100 | 1 | _aSpeed, Tim | |
| 245 | 1 |
_aInternet security _cby Tim Speed and J. Ellis |
|
| 260 |
_aBoston _bDigital _c2003 |
||
| 300 | _a398p. | ||
| 690 | _aInternet--Security measures; Computer networks--Security measures; Computer security; Electronic commerce--Security measures | ||
| 700 | _aEllis, J. | ||
| 942 |
_2ddc _cBK |
||
| 999 |
_c646 _d646 |
||